| 000 | 01051nam a22002657a 4500 | ||
|---|---|---|---|
| 003 | OSt | ||
| 005 | 20210311081749.0 | ||
| 008 | 210223s2011 ck ||||gr|||| 00| 0 spa d | ||
| 020 |
_a9789589974698 _qV.1 |
||
| 020 |
_a9789588709805 _qV.2 |
||
| 040 |
_aCO-JMCR _cCO-JMCR |
||
| 041 | 0 | _aspa | |
| 082 | 0 | 4 |
_a342.06 / _bA283p _223 |
| 100 | 1 |
_aAguilar Ángel, Álvaro, _eautor _913809 |
|
| 245 | 1 | 0 |
_aPropedéutica administrativa: _bmi primer libro de Derecho Administrativo / _cÁlvaro Aguilar Ángel, María del Rosario Correa Martínez. Nubia Rosero Puentes, [y 2 más] |
| 260 |
_aPereira, Colombia : _bUniversidad Libre, _c2011 |
||
| 300 |
_a2 volúmenes ; _c25 cm. |
||
| 500 | _aNotas a pie de pagina. | ||
| 505 | 0 |
_gV1. _tEl derecho administrativo general _gV.2. _tEl derecho administrativo colombiano |
|
| 650 | 2 | 4 |
_aDerecho administrativo _zColombia _98206 |
| 650 | 2 | 4 |
_aRama ejecutiva _913810 _zColombia |
| 700 | 1 |
_aCorrea Martínez, María del Rosario, _eautora _914707 |
|
| 700 | 1 |
_aRosero Puentes, Nubia, _eautora _914708 |
|
| 942 |
_2ddc _cBK |
||
| 999 |
_c7293 _d7293 |
||